|
|
|
|
| LEADER |
00000cac a2200000 i 4500 |
| 003 |
Ucuenca |
| 005 |
20240226134123.0 |
| 006 |
a||||fr|||| 001 | |
| 007 |
ta |
| 008 |
991030s1983 mx ddddfr|||| 001|0 spa|a |
| 020 |
|
|
|a 968-24-1168-8
|
| 040 |
|
|
|b spa
|a eccuu
|c eccuu
|e rda
|
| 041 |
0 |
|
|a spa
|
| 082 |
0 |
|
|a 630.715
|2 22
|c 251738
|
| 100 |
1 |
|
|a Schutther, Anton de.
|e autor
|9 72945
|
| 245 |
1 |
0 |
|a Extensión y capacitación rurales /
|c Ir. Anton de Schutter, colaboración de F. R. Kirchner Salinas, J. Medicina Figueroa, M. T. Atilano Díaz, J. Velázquez Delgado, revisión de F. Orozco Luna.
|
| 250 |
|
|
|a Segunda reimpresión.
|
| 264 |
|
1 |
|a México:
|b Editorial Trillas,
|c 1983.
|
| 264 |
|
4 |
|c ®1982
|
| 300 |
|
|
|a 121 páginas:
|b ilu
|c 23 cm
|
| 336 |
|
|
|2 rdacarrier
|a texto
|b txt
|
| 337 |
|
|
|2 rdamedia
|a no mediado
|b n
|
| 338 |
|
|
|2 rdacarrier
|a volumen
|b nc
|
| 490 |
0 |
|
|a Colección Manuales para Educación Agropecuaria
|p Area: Extensión y capacitación
|
| 505 |
1 |
|
|a Extensión, capacitación y educación -- Extensionista y capacitador rural -- Tareas del extensionista capacitador -- Procesos en la capacitación -- Factores en la capacitación -- Capacitación con medios de comunicación masiva -- Métodos de capacitación de grupos -- Métodos de capacitación individual -- Areas de la capacitación rural -- Planificación de la capacitación.
|
| 520 |
3 |
|
|a En el manual Extensión y Capacitaciones Rurales se intenta introducir al lector en las formas básicas para cercarme con mayor éxito al campesino con el fin de establecer un trato más equitativo y de mutua comprensión.
|
| 650 |
1 |
7 |
|a Capacitación rural
|9 72947
|
| 650 |
1 |
7 |
|a Planificación rural
|9 1002
|2 eccuu
|
| 653 |
|
|
|a AGRICULTURA Y TECNOLOGIAS RELACIONADAS
|
| 700 |
|
|
|a Kirchner Salinas, F.R.
|9 72941
|e colaborador
|
| 700 |
1 |
|
|a Medina Figueroa, J.
|9 311254
|e colaborador
|
| 700 |
1 |
|
|a Atilano Díaz, M. T.
|9 311255
|e colaborador
|
| 700 |
1 |
|
|a Velázquez Delgado, Jorge.
|9 311289
|e colaborador
|
| 700 |
|
|
|a Orozco Luna, F.
|9 194621
|e revisor
|
| 852 |
|
|
|a UC-YANUNCAY
|f Compra
|l 1
|m General
|p 19910306
|q 5.00
|r 2
|t 1472
|v agro
|w Ingenierìa Agronòmica
|b 0
|d CDRY
|e CDRY
|g 630.715 ESTANTERIA ABIERTA
|z 1991-10-30
|
| 856 |
|
|
|a http://sibuc.ucuenca.edu.ec/portada/1472-yan.jpg
|
| 942 |
|
|
|c CR
|z diana.leon@ucuenca.edu.ec
|2 ddc
|e 22
|r jessicap.torres@ucuenca.edu.ec
|
| 999 |
|
|
|c 45132
|d 45132
|